| 000 | 00462nam a2200157 a 4500 | ||
|---|---|---|---|
| 005 | 20140412111356.0 | ||
| 008 | 051104s19uu xx 00 eng d | ||
| 020 | _a0-15-325199-9 | ||
| 050 |
_aTR(GS 510.7 _bMa42 CPPG |
||
| 245 |
_aHarcourt math, Grade 1 : _bcalifornia planning and pacing guide. |
||
| 260 |
_aOrlando : _bHarcourt Inc. |
||
| 300 | _aCA207 p. | ||
| 440 | _aHarcourt math, Green | ||
| 650 |
_aMathematics _xStudy and teaching |
||
| 999 |
_c105400 _d105400 |
||